ბათუმის შოთა რუსთაველის სახელმწიფო უნივერსიტეტის ბიბლიოთეკა

არაღიარებული ძალადობა : (ბიბ.ჩანაწერი № 59444)

000 -ლიდერი
ფიქსირებული სიგრძის საკონტროლო ველი 01874nam a22002657a 4500
003 - საკონტროლო ნომრის იდენტიფიკატორი
საკონტროლო ველი Ge_BSU
005 - ბოლო ოპერაციის თარიღი და დრო
საკონტროლო ველი 20230216173116.0
008 - ფიქსირებული სიგრძის მონაცემთა ელემენტები - ზოგადი ინფორმაცია
ფიქსირებული სიგრძის საკონტროლო ველი 230216s2017 ge ||||| |||| 00| 0 geo d
020 ## - წიგნის საერთაშორისო სტანდარტული ნომერი
International Standard Book Number 9789941096624
041 ## - ენის კოდი
Language code of text/sound track or separate title geo
080 ## - უნივერსალური ათობითი კლასიფიკაციის ინდექსი
Universal Decimal Classification number 364.632-055.2+ 342.726-055.2 ბ-37
100 ## - მთავარი ჩანაწერი - პიროვნების სახელი
Personal name ბახტაძე, ქეთევან
9 (RLIN) 16957
245 ## - ცნობა სათაურის შესახებ
Title არაღიარებული ძალადობა :
Remainder of title სამართალწარმოების ანგარიში = Unidentifield violence : Litigation report /
Statement of responsibility, etc ავტორი ქეთევან ბახტაძე ; მთარგმნელი თ. ბერია ; რედაქტორი ეკატერინე აღდგომელაშვილი ; ყდის დიზაინი გ. წერეთელი.
264 ## - წარმოების, გამოცემის, დისტრიბუციის და სხვა ცნობები
გამოცემის, წარმოების, დისტრიბუციის... ადგილი თბილისი :
გამოცემის, წარმოების, დისტრიბუციის... სახელწოდება "ქალთა ინიციტივების მხარდამჭერი ჯგუფი" (WISG),
გამოცემის, წარმოების, დისტრიბუციის... თარიღი 2017.
300 ## - ფიზიკური აღწერა
Extent 179 გვ. ;
Other physical details 21 სმ.
500 ## - ზოგადი შენიშვნა
General note გარეკანზე და თავფურცელზე ავტორი აღნიშნული არ არის.
501 ## - შენიშვნა თანმხლებ მასალაზე
With note ტექსტი და რეზიუმე აგრეთვე ინგლ. ენაზე.
504 ## - BIBLIOGRAPHY, ETC. NOTE
Bibliography, etc ბიბლიოგრ.: გვ. 88-95 და 168-173.
653 ## - INDEX TERM--UNCONTROLLED
Uncontrolled term ძალადობა ქალებზე.
653 ## - INDEX TERM--UNCONTROLLED
Uncontrolled term სექსუალურ უმცირესობათა დისკრიმინაცია
700 ## - ADDED ENTRY--PERSONAL NAME
Personal name ბერია, თ.
Relator term მთარგმნელი
9 (RLIN) 16958
700 ## - ADDED ENTRY--PERSONAL NAME
Personal name აღდგომელაშვილი, ეკატერინე
Relator term რედაქტორი
9 (RLIN) 16959
700 ## - ADDED ENTRY--PERSONAL NAME
Personal name წერეთელი, გ.
Relator term ყდის დიზაინერი
9 (RLIN) 16960
942 ## - ADDED ENTRY ELEMENTS (KOHA)
Source of classification or shelving scheme
Koha item type წიგნი
ეგზემპლარები
ჩამოწერის სტატუსი დაკარგული ეგზემპლარის სტატუსი კლასიფიკაციის წყარო ან თაროზე გაწყობის სქემა დაზიანების სტატუსი არ გაიცემა მუდმივი მდებარეობა (დაცვის ადგილი) ამჟამინდელი ადგილსამყოფელი თაროზე განთავსების ადგილი შეძენის თარიღი ღირებულება, შესყიდვის ნორმალური ფასი სრული შენახვის შიფრი შტრიხკოდი ბოლო ოპერაციის თარიღი ეგზემპლარის მიმდევრობითი ნომერი (კეტერი?) ფასის ძალაში შესვლის თარიღი ეგზემპლარის სახეობა საჯარო შენიშვნა
          ბათუმის შოთა რუსთაველის სახელმწიფო უნივერსიტეტის მთავარი ბიბლიოთეკა ბათუმის შოთა რუსთაველის სახელმწიფო უნივერსიტეტის მთავარი ბიბლიოთეკა წიგნსაცავი 2023-02-16 5.00 364.632-055.2+ 342.726-055.2 ბ-37 63831 2023-02-16 63831 2023-02-16 წიგნი 5 ლ.